000
00305nam a2200133Ia 4500
008
191201s2014 xx 000 0 und d
100
_a
DHAMDHERE, D M
245
0
_a
Systems Programming
250
_a
Rep
260
_c
2014
_b
MGH
_a
New Delhi
300
_a
538
650
_a
MCA 2ND SEM
942
_2
ddc
_c
BB
_0
1
999
_c
7743
_d
7743